000 00835nam a22002537a 4500
001 717
005 20260410100318.0
020 _a9780153013613
040 _aFISKH
_beng
_cFISKH
_dFISKH
050 _aPZ7
082 _a591.92
100 _aFarr, Roger C.
245 _aThe deep blue sea /
260 _aOrlando :
_bHarcourt Brace & Company,
_c1993.
300 _a179 pages :
_c27 cm.
490 _aHBJ Treasury of Literature.
505 _aF
520 _a Part of a Treasury series. A collection of stories and the theme in this book is the sea and food. A wide variety that would engage younger readers with colorful pictures and questions about what they read.
521 _a350
_bLexile estimate
521 _aF
_bRaz-Plus
700 _aStrickland, Dorothy S.
700 _aStrickland, Dorothy S.
942 _2lcc
_cBK
_n0
999 _c717
_d717